Formel 1 Fahrer 2020 - Statistiken

Allgemein
  • Dieses Quiz wurde 1.167 mal gespielt
  • Das Durchschnittsergebnis liegt bei 17 aus 20
Antwortstatistiken
Team Fahrer % Korrekt
Mercedes Lewis Hamilton
100%
Red Bull Max Verstappen
98%
Ferrari Sebastian Vettel
98%
Mercedes Valtteri Bottas
97%
Ferrari Charles Leclerc
96%
McLaren Lando Norris
93%
Racing Point Sergio Perez
92%
McLaren Carlos Sainz
91%
AlphaTauri Pierre Gasly
89%
Red Bull Alexander Albon
88%
Renault Daniel Ricciardo
88%
Haas Kevin Magnussen
85%
Racing Point Lance Stroll
85%
Alfa Romeo Kimi Räikkönen
82%
Renault Esteban Ocon
78%
Williams Nicolas Latifi
78%
Haas Romain Grosjean
76%
Williams George Russell
75%
Alfa Romeo Antonio Giovinazzi
67%
AlphaTauri Daniil Kwjat
26%
Keine übereinstimmenden Quizze gefunden
Verteilung der Resultate
Anzahl Personen mit jedem Resultat
Perzentil nach korrekt beantworteten Fragen
Ihre Resultats-Entwicklung
Sie haben dieses Quiz noch nicht gespielt